European Union running network for environmentally friendly production of rubber compounding (Record no. 46620)

MARC details
000 -LEADER
fixed length control field 00340nam a2200109Ia 4500
245 #0 - TITLE STATEMENT
Title European Union running network for environmentally friendly production of rubber compounding
260 ## - PUBLICATION, DISTRIBUTION, ETC. (IMPRINT)
Name of publisher No information
Year of publication 2001
300 ## - PHYSICAL DESCRIPTION
Number of Pages 27-28
520 ## - SUMMARY, ETC.
Summary, etc See earthquake articles file
942 ## - ADDED ENTRY ELEMENTS (KOHA)
Koha item type Reprints
Holdings
Withdrawn status Lost status Damaged status Not for loan Home library Current library Date acquired Serial Enumeration / chronology Koha item type
      Reprints RRII Library RRII Library 22/12/2021 Volume, Issue Febr Reprints